Reducción de desastres : (Registro nro. 705)
[ vista simple ]
| 000 -LEADER | |
|---|---|
| fixed length control field | 01462nam a2200265Ia 4500 |
| 003 - CONTROL NUMBER IDENTIFIER | |
| control field | PE SENCICO BE |
| 005 - DATE AND TIME OF LATEST TRANSACTION | |
| control field | 20260220193432.0 |
| 008 - FIXED-LENGTH DATA ELEMENTS--GENERAL INFORMATION | |
| fixed length control field | 200515s9999 xx 000 0 und d |
| 020 ## - INTERNATIONAL STANDARD BOOK NUMBER | |
| International Standard Book Number | 9972-9477-0-X |
| 040 ## - CATALOGING SOURCE | |
| Original cataloging agency | PE SENCICO BE |
| Transcribing agency | PE SENCICO BE |
| 041 ## - LANGUAGE CODE | |
| Language code of text/sound track or separate title | spa |
| 082 ## - DEWEY DECIMAL CLASSIFICATION NUMBER | |
| Classification number | 303.485 |
| Item number | K96 |
| 100 1# - MAIN ENTRY--PERSONAL NAME | |
| Personal name | Kuroiwa, Julio |
| 9 (RLIN) | 189 |
| Relator term | autor |
| 245 10 - TITLE STATEMENT | |
| Title | Reducción de desastres : |
| Remainder of title | viviendo en armonía con la naturaleza / |
| Statement of responsibility, etc. | Julio Kuroiwa |
| 250 ## - EDITION STATEMENT | |
| Edition statement | 1a ed. |
| 260 ## - PUBLICATION, DISTRIBUTION, ETC. | |
| Place of publication, distribution, etc. | Lima : |
| Name of publisher, distributor, etc. | [CECOSAMI] ; |
| Date of publication, distribution, etc. | 2002 |
| 300 ## - PHYSICAL DESCRIPTION | |
| Extent | xvii, 429 páginas : |
| Other physical details | ilustraciones a color, láminas, tablas, diagramas ; |
| Dimensions | 27 cm. |
| 504 ## - BIBLIOGRAPHY, ETC. NOTE | |
| Bibliography, etc. note | Referencias a final de cada capítulo |
| 505 0# - FORMATTED CONTENTS NOTE | |
| Formatted contents note | Viviendo en armonía con la naturaleza para reducir los desastres -- Cuidados sostenibles: agenda para el siglo XXI -- Fenómenos de origen geológico I : sismos -- Ingeniería sísmica -- Fenómenos de origen geológico II: Vulcanismo -- Tsumanis -- Desastres climáticos: Cambios climáticos adversos -- Desastres climáticos de rápido desarrollo -- Desastres climáticos de lento desarrollo -- Fenómenos geológicos climáticos: Fallas del suelo -- Desastres tecnológicos y medio ambiente -- Impacto económico y social de los desastres -- Reducción de la vulnerabilidad social -- Hacia una cultura de prevención en el siglo XXI |
| 650 10 - SUBJECT ADDED ENTRY--TOPICAL TERM | |
| Topical term or geographic name entry element | Desastres naturales |
| 9 (RLIN) | 370 |
| 650 20 - SUBJECT ADDED ENTRY--TOPICAL TERM | |
| Topical term or geographic name entry element | Ingeniería sísmica |
| 9 (RLIN) | 371 |
| 650 20 - SUBJECT ADDED ENTRY--TOPICAL TERM | |
| Topical term or geographic name entry element | Sismos |
| 9 (RLIN) | 372 |
| 942 ## - ADDED ENTRY ELEMENTS (KOHA) | |
| Koha item type | Libros |
| Source of classification or shelving scheme | Dewey Decimal Classification |
| Fecha de la última vez que lo usaron | Número de ingreso o de inventario | Pago total | Signatura topográfica completa | Código de barras | Tipo de documento | Estado perdido | Sistema de clasificación | Estado dañado | No es para préstamo | Retirado | Ubicación permanente | Ubicación actual |
|---|---|---|---|---|---|---|---|---|---|---|---|---|
| 15/05/2020 | 14699 | 303.485/K96 | BibLima26012611 | Libros | Dewey Decimal Classification | Biblioteca Central Lima | Biblioteca Central Lima | |||||
| 07/01/2026 | 303.485/K96 | BibZtruj26012612 | Libros | Dewey Decimal Classification | Biblioteca Trujillo | Biblioteca Trujillo |